000 01502nam a2200361 i 4500
001 768714001
003 CO-MdFUSB
005 20220727123549.0
007 ta
008 210726t1882 enk |||| |||| 00| 0 eng d
020 _a[No incluye ISBN]
040 _aCO-MdFUSB
_bspa
_cCO-MdFUSB
_dCO-MdFUSBC
_erda
041 _aita
082 _223
_a264
_bP964
100 _aProcter, Francisci.
_eautor
245 1 _aBreviarium ad Usum Insignis Ecclesiae Sarum,
_c/ Francisci Proter , Christophori Wordsworth
264 1 _aLondres :
_bAlmae Matris Academiae,
_c[1882]
264 0 _aCambridge, England :
_bAlmae Matris Academiae,
_c[1879]
264 1 _aLondres :
_bAlmae Matris Academiae,
_c[1886]
300 _a1535 páginas
_c; 23 cm
336 _2rdacontent
_asonidos
_btxt
337 _2rdamedia
_aotro
_bn
338 _2rdacarrier
_avolumen
_bnc
505 _tVol. I: Kalendarium et Ordo Temporalis sive Proprium de Tempore Totius anni, una cum ordinali suo quod usitato vocablo dicitur pica sive directorium sacerdotum.
505 _tVol. II: Psalterium, cum ordinario officii totius hebdomadae juxta horas cononicas, et propio completorii, Litania, commune sactorum, ordinarium missae cum canone et XIII missis.
505 _tVol. III: Proprium sanctorum quod et sanctorale dicitur, una cum accenturio.
563 _aTapa dura
653 _aEclesiologĂ­a
700 _95398
_aWordsworth, Christophori
_eautor
942 _cP
945 _aJTF-925
999 _c66772
_d66772